| 000 | 00399nam a2200133Ia 4500 | ||
|---|---|---|---|
| 005 | 20251222144808.0 | ||
| 008 | 251222s9999||||xx |||||||||||||| ||spa|| | ||
| 020 | _a9972-2909-0-5 | ||
| 082 | _a618.97/O77 | ||
| 100 | _aOscanoa Espinosa, Teodoro Julio | ||
| 245 | 0 | _aPrescripción Potencialmente Inadecuada de Medicamentos en Adultos Mayores | |
| 264 | _bAsamblea Nacional de Rectores | ||
| 942 | _cLIB | ||
| 999 |
_c19999 _d19999 |
||